000 005250000a22001810004500
003 MACL
005 20160211113255.0
008 160211b xxu||||| |||| 00| 0 eng d
040 _aMACL
_cMACL
041 _aHindi
082 _a200
100 _aविवेकानन्‍द स्‍वामी
_936998
245 _aघर्मरहस्‍य
260 _bश्रीरामकृष्‍ण आश्रम
_aनागपुर
350 _a1
650 _aReligion
_937784
942 _cHIN
_k200
_2ddc
999 _c23853
_d23853